000 00222nam a22000977a 4500
003 OSt
008 211204b ||||| |||| 00| 0 eng d
100 _aEkambaranatha ,Ayyar
_95124
245 _aA manual of zoology
942 _cBK
999 _c17456
_d17456